La garantía de igual aplicación de la ley penal
সংরক্ষণ করুন:
| প্রধান লেখক: | |
|---|---|
| বিন্যাস: | গ্রন্থ |
| ভাষা: | স্প্যানিশ |
| প্রকাশিত: |
Santiago
Legal Publishing
2013
|
| সংস্করন: | 1a. ed |
| বিষয়গুলি: | |
| ট্যাগগুলো: |
ট্যাগ যুক্ত করুন
কোনো ট্যাগ নেই, প্রথমজন হিসাবে ট্যাগ করুন!
|
MARC
| LEADER | 00000cam a2200000 a 4500 | ||
|---|---|---|---|
| 001 | UCF9594 | ||
| 003 | CL-VaPUC | ||
| 008 | 131129e20131000cl |||||||||||||||||spa|d | ||
| 020 | |a 9789563464085 | ||
| 082 | 0 | 4 | |a 345.83 |b ECH |2 21 |
| 100 | 0 | |a Echeverría Ramírez, Germán |e author |9 571969 | |
| 245 | 1 | 3 | |a La garantía de igual aplicación de la ley penal |
| 250 | |a 1a. ed | ||
| 300 | |a 263 p | ||
| 942 | |c BK | ||
| 945 | |d 20131129 12:34:00 |a dcastane | ||
| 260 | |a Santiago |b Legal Publishing |c 2013 | ||
| 650 | 7 | |a DERECHO PENAL |2 CL-VaPUC |9 11 | |
| 650 | 7 | |a GARANTIA |2 CL-VaPUC |9 571970 | |
| 650 | 7 | |a DERECHO PENAL CHILENO |2 CL-VaPUC |9 571971 | |
| 583 | |a last modification |c 20131129 12:34:00 |k Rodrigo Vera | ||
| 999 | |c 354037 |d 354035 | ||
| 952 | |0 0 |1 0 |3 erb |4 0 |6 345_830000000000000_ECH_2013 |7 0 |8 A |9 459668 |a BIBDER |b BIBDER |i 5031249 |o 345.83 ECH 2013 |p 5031249 |r 2023-01-25 |w 2019-11-23 |y BK |z Catalogado en:20131129 |k DER | ||
| 952 | |0 0 |1 0 |3 erb |4 0 |6 345_830000000000000_ECH_2013 |7 0 |8 A |9 459669 |a BIBDER |b BIBDER |i 5029376 |l 1 |o 345.83 ECH 2013 |p 5029376 |r 2023-01-25 |s 2022-06-13 |w 2019-11-23 |y BK |z Catalogado en:20140307 |k DER | ||